000 00601nam a2200241Ia 4500
003 0100
008 130303s9999 xx 000 0 und d
020 _a916349063
040 _cARRUPELIB
050 _aBT708.K441986
100 _aKelsey, Morton
245 _aSacraments of sexuality
260 _aWarwick, N.Y.
260 _bAmity House
260 _C1986
300 _a312 p.
300 _b23cm
650 _bCreation -- Comparative studies
650 _cCosmology
650 _dGod -- Comparative studies
700 _aMorton Kelsey Barbara Kelsey , Kelsey, Barbara
942 0 0 _01
999 _c8279
_d8279